Научно-техническият прогрес и младежта (Запис номер 453579)
[ съкратено ]
| 000 -Лидер | |
|---|---|
| Контролно поле с фиксирана дължина | 01491nam a2200277 a 4500 |
| 003 - Код на организацията, давaща контролен номер | |
| Контролно поле | BLK |
| 005 - Дата и час на последна редакция | |
| Контролно поле | 20240321115037.0 |
| 008 - Елементи от данни с фиксирана дължина | |
| fixed length control field | 220418b bu |||||r|||| 00| | bu d |
| 040 ## - Източник на каталожния запис | |
| Идентификатор на билиотеката - собственик на записа | BLK |
| 041 ## - Код за език | |
| Код за езика на текст/звукозапис или на отделно заглавие | Български |
| Код за езика КДБФ | Български |
| 080 ## - УДК | |
| Текстов определител УДК | Научно-технически прогрес |
| УДК код - определител по УДК | 001:62.001.71 |
| УДК определител | (075.4) |
| УДК - код + определител | 001:62.001.71(075.4) |
| 139 ## - Редно поле | |
| Редна дума | Научно-техническият прогрес и младежта |
| 245 ## - Сведения за заглавието | |
| Заглавие | Научно-техническият прогрес и младежта |
| Подзаглавни данни | Учебник : За системата на комсомолската просв. |
| Редно поле (дума) | Александър Нейков и др.; състав. Александър Нейков |
| 260 ## - Област на издателските данни | |
| 9 (RLIN) | 210040 |
| Място на издаване, разпространение и проч. | София |
| Име на издателя, разпространителя и проч. | Нар. младеж |
| Година на издаване | 1982 |
| 300 ## - Физическа характеристика | |
| Страници | 259 с. |
| Илюстрации и др. | с табл. |
| Размери/Мащаб | с табл. |
| 380 ## - Жанр | |
| Жанр | Общ отдел |
| 490 ## - СЕРИИ (Колекции) | |
| 9 (RLIN) | 206517 |
| Име на серия | В помощ на политическата учебна година на Димитровския комсомол |
| 500 ## - Общи забележки | |
| Забележка | Други авт.: Н. Цонев, Т. Тенчева, Ст. Величкова, П. Петков, отбелязани на с. 8 |
| 650 #7 - Допълнително описание по предмет – тема | |
| Основно описание – тема или топоним | Научно-технически прогрес |
| Източник на редна или ключова дума | |
| 9 (RLIN) | 163659 |
| 653 #7 - Ключова дума – ненормативна | |
| 9 (RLIN) | 191853 |
| Ключова дума | научно-технически прогрес |
| 653 #7 - Ключова дума – ненормативна | |
| 9 (RLIN) | 191238 |
| Ключова дума | младежи |
| 700 ## - Други автори (авторска отговорност) | |
| 9 (RLIN) | 1478 |
| Лично име | Нейков, Александър Нейков |
| Автороска отговорност (Описва отношението между автора и произведението) | състав. |
| 852 ## - Местоположение | |
| Форматна сигнатура | Цб 116004 |
| Фондова буква | Хранилище |
| 999 ## - СИСТЕМНИ КОНТРОЛНИ НОМЕРА | |
| Koha biblionumber | 453579 |
| Koha biblioitemnumber | 453579 |
| 942 ## - АРТИКУЛИ | |
| Вид на библиотечния материал | Книги |
| Скрит в OPAC | Не |
| Периодичен библиозапис | Да |
| 944 ## - СЪЗДАВАНЕ И РЕДАКЦИЯ на ЗАПИСА | |
| Създаване/Редакция | Създаване |
| Дата на регистрацията/редакция | 2022-04-18 |
| Служител, извършил регистрацията/редакцията | 30560 |
| Статус, дата на статуса | Геновева Генчева |
| Код за отписване | Код за изгубен артикул | Източник на класификационната схема | Код за повреда | Коз за рестрикции | Код за отдаване | Артикулен № | Име на библиотеката - собственик | Име на библиотеката, в която се намира в момента | Статус (Текущо местоположение) | Дата на вписване в системата | Местоположение - отдел | Цена в лева | Инвентарен номер | Систематично азбучна сигнатура | Баркод | Цена в евро | Служебен тип на артикула |
|---|---|---|---|---|---|---|---|---|---|---|---|---|---|---|---|---|---|
| Не е изгубен | Universal Decimal Classification | Не е повреден | само за читалня | ползва се в читалня | 882179 | Регионална библиотека "Любен Каравелов" Русе | Регионална библиотека "Любен Каравелов" Русе | Хранилище | 2022-04-19 | Хранилище | 1.16 | 358468 | Цб 116004 | 120000358468 | 0.59 | Книги |